How to Use the Internet /

Enregistré dans:
Détails bibliographiques
Auteur principal: Tretter, Maria (Auteur)
Format: Livre
Langue:anglais
Publié: Emeryville : ZD Press, 1995
Édition:2. Edition
Tags: Ajouter un tag
Pas de tags, Soyez le premier à ajouter un tag!

MARC

LEADER 00000nam a22000003a 4500
001 stu33091
005 20150617225734.0
008 ------s1995----xxu-----------------eng-d
020 |a 1-56276-348-2 
040 |a STU  |b slo 
041 0 |a eng 
044 |a xxu 
080 |a 681.3.066Internet 
100 1 |a Tretter, Maria  |4 aut 
245 1 |a How to Use the Internet /  |c [aut.] Tretter,Maria 
250 |a 2. Edition 
260 |a Emeryville :  |b ZD Press,  |c 1995 
300 |a 254 s 
996 |b J93371  |c J*93371  |l JJSK  |s A  |a 24  |w stu33091_0001